Random Friends Knowledge #7 - Statistics

General Stats
  • This quiz has been taken 188 times
  • The average score is 9 of 15
Answer Stats
Question Answer % Correct
Besides The Pilot and the final episode, how does the title of every episode start? The One
96%
What kind of bed did the Mattress King deliver to Monica? A race car bed
84%
Fill in this quote: "You-you-you-you threw my ________ away? My ________?! MY ________?!?!?!?!?" Sandwich
82%
What did Rachel get a tattoo of? Heart
81%
Monica's apartment was originally number 5 but what was it changed to? 20
75%
What was Emma's first birthday cake supposed to be shaped like? Bunny
72%
Who did Phoebe think "Kenny the Copy Guy" was? Ralph Lauren
70%
In the episode The One After Vegas, what last name was added to everyone's name to celebrate Courteney Cox's marriage? Arquette
65%
What's the name of Monica and Ross's grandmother whose funeral they all attended? Althea
55%
What game does Phoebe buy Monica and Chandler as a wedding present? Ms. Pac-Man
55%
When Ben is born, what does Monica promise she will always have? Gum
47%
What is the name of the girl Ross slept with when he and Rachel were on a break? Chloe
45%
What is Joey's full name, middle and last name included? Joseph Francis Tribbiani
41%
What's the PIN number to Joey's ATM card? 5639
12%
How many times did Monica's prom date Roy see Star Wars? 317
11%
No matching quizzes found
Score Distribution
Percent of People with Each Score
Percentile by Number Answered
Your Score History
You have not taken this quiz